| 000 | 01014cam a2200205 4500 | ||
|---|---|---|---|
| 001 | ABS65521 | ||
| 008 | 020527n2002 000 0 eng u | ||
| 035 | _a(Sirsi) u118150 | ||
| 100 | _aJackson, A | ||
| 245 | _aPrivate potential | ||
| 260 | _c2002 | ||
| 490 |
_aInside Housing _v 17 May 2002, 17(1) |
||
| 520 | _aAlastair Jackson, director of policy at Shelter, argues that the private rented sector has a vital role to play in addressing the country's housing shortage but that responsible landlords need more help if they are to become part of the solution. Shelter set up the Commission on the Private Rented Sector which has produced a report, "Private renting: a new settlement", on how such landlords could be involved in helping combat the UK's housing shortage. The report is available, free, from Shelter on 020 7505 4699. | ||
| 590 | _aABS | ||
| 650 | _aPRIVATE RENTED SECTOR | ||
| 650 | _aPRIVATE LANDLORDS | ||
| 650 | _aHOUSING SHORTAGE | ||
| 690 |
_aAffordable housing _96215 |
||
| 942 | _n0 | ||
| 999 |
_c70360 _d70360 |
||